000 00438nam a2200181Ia 4500
001 23259
005 20260414150925.0
008 260414t2011||||xx |||||||||||||| ||spa||
041 _aESP
082 _a628
_bD88
100 _aDomingo Pinillos, Juan Carlos
_eAUT
245 0 _aManual de obras civiles urbanas
_b
260 _c2011
300 _a287 páginas :
_c24 cm.
650 _aCNM
654 _aCCN
942 _cLIB
_dJUS
_fJUS
_2ddc
_n
999 _c23259
_d23259